Textbook of pharmacology / (Record no. 20099)
[ view plain ]
| 000 -LEADER | |
|---|---|
| fixed length control field | 00747nam a22002295a 4500 |
| 008 - FIXED-LENGTH DATA ELEMENTS--GENERAL INFORMATION | |
| fixed length control field | 150701s2009 ii adk fr 001 0 eng d |
| 020 ## - INTERNATIONAL STANDARD BOOK NUMBER | |
| International Standard Book Number | 9788131211588 |
| 040 ## - CATALOGING SOURCE | |
| Original cataloging agency | EG-ScBUE |
| Language of cataloging | eng |
| Transcribing agency | EG-ScBUE |
| 082 04 - DEWEY DECIMAL CLASSIFICATION NUMBER | |
| Classification number | 615.1 |
| Item number | TEX |
| Edition number | 22 |
| 245 00 - TITLE STATEMENT | |
| Title | Textbook of pharmacology / |
| Statement of responsibility, etc | editors S. D. Seth, Vimlesh Seth. |
| 250 ## - EDITION STATEMENT | |
| Edition statement | 3rd ed. |
| 260 ## - PUBLICATION, DISTRIBUTION, ETC. (IMPRINT) | |
| Place of publication, distribution, etc | Noida : |
| Name of publisher, distributor, etc | Elsevier / a division of Reed Elsevier India Private Limited, |
| Date of publication, distribution, etc | 2009. |
| 300 ## - PHYSICAL DESCRIPTION | |
| Extent | [various pagings] : |
| Other physical details | chart, forms, tables ; |
| Dimensions | 28 cm. |
| 500 ## - GENERAL NOTE | |
| General note | Include Index. |
| 650 #7 - SUBJECT ADDED ENTRY--TOPICAL TERM | |
| Topical term or geographic name as entry element | Pharmacology. |
| Source of heading or term | BUEsh |
| 9 (RLIN) | 12590 |
| 651 ## - SUBJECT ADDED ENTRY--GEOGRAPHIC NAME | |
| Source of heading or term | BUEsh |
| 653 ## - INDEX TERM--UNCONTROLLED | |
| Resource For college | Pharmacy |
| Arrived date list | July2015 |
| 655 ## - INDEX TERM--GENRE/FORM | |
| Form subdivision | |
| -- | 34232 |
| 700 1# - ADDED ENTRY--PERSONAL NAME | |
| Personal name | Seth, S. D., |
| Relator term | editor. |
| 700 1# - ADDED ENTRY--PERSONAL NAME | |
| Personal name | Seth, Vimlesh, |
| Relator term | editor. |
| 942 ## - ADDED ENTRY ELEMENTS (KOHA) | |
| Source of classification or shelving scheme | Dewey Decimal Classification |
| Call number prefix | 615.1 TEX |
| Withdrawn status | Lost status | Source of classification or shelving scheme | Damaged status | Not for loan | Koha collection | Home library | Current library | Shelving location | Date acquired | Source of acquisition | Cost, normal purchase price | Serial Enumeration / chronology | Total Checkouts | Total Renewals | Full call number | Barcode | Date last seen | Date last borrowed | Cost, replacement price | Koha item type |
|---|---|---|---|---|---|---|---|---|---|---|---|---|---|---|---|---|---|---|---|---|
| Dewey Decimal Classification | Central Library | Central Library | First floor | 01/07/2015 | 300.00 | 1091 | 1 | 18 | 615.1 TEX | 000039591 | 15/07/2025 | 24/02/2016 | 375.00 | Book - Borrowing |